MARC

LEADER 00000nam0a2200000 4500
001 5890
005 20231030175823.0
010 |a 5857350883 
035 |a (RuTPU)RU\TPU\book\5919 
035 |a BOOK00005971 
090 |a 5890 
100 |a 20011209d1997 еm y0rusy50020304ca 
101 0 |a rus 
102 |a RU 
105 |a a f 000zy 
200 1 |a 100 чудовищ древнего мира  |e Мифологическая иллюстрированная энциклопедия  |f Ю. А. Беляев 
210 |a Москва  |c Раритет  |c Центркнига  |d 1997 
215 |a 144 с.  |c ил 
610 1 |a история 
610 1 |a мифы 
610 1 |a мифология 
610 1 |a древняя философия 
610 1 |a древние чудовища 
610 1 |a иллюстрированные энциклопедии 
610 1 |a легенды 
610 1 |a античная мифология 
610 1 |a средневековая мифология 
686 |a Э31  |v LBC/SL-A  |2 rubbk 
686 |a Ю3(0)3  |v LBC/SL-A  |2 rubbk 
700 1 |a Беляев  |b Ю. А.  |g Юрий Антонович 
801 0 |a RU  |b 63413507  |c 20011209  |g PSBO 
801 2 |a RU  |b 63413507  |c 20060619  |g PSBO 
942 |c BK